000 00423nam a2200169 i 4500
001 bg
100 1 _aDYBA, Konrad
245 0 _aGeometria wykreślna w zadaniach z rozwiązaniami /
_cKonrad Dyba.
260 _aWrocław,
_c1975.
650 9 _aGeometria wykreślna
655 _aĆwiczenia i zadania
040 _cBPK
041 _apol
080 _a514.18
942 _cKS
008 s pl f |000 0 pol
999 _c27213
_d27213
856 _uhttp://koha.tu.koszalin.pl/cgi-bin/koha/opac-detail.pl?biblionumber=27213
_yKatalog online BPK